Ingeniería de software orientado a objetos / Bernard Bruegge, Allen H. Dutoit (Registro nro. 16301)

Detalles MARC
000 -LÍDER
fixed length control field 00556nam a2200157 4500
008 - ELEMENTOS DE LONGITUD FIJA -- INFORMACIÓN GENERAL
fixed length control field 0 2002 0a 000 0MEX
020 ## - NÚMERO INTERNACIONAL NORMALIZADO PARA LIBROS
ISBN 970-26-0010-3
050 ## - SIGNATURA TOPOGRAFICA DE LA BIBLIOTECA DEL CONGRESO (LC)
Número de Clasificación QA76.758 B7418 2002
082 ## - NUMERO DE CLASIFICACION DECIMAL DEWEY
Número de Clasificación 005.117 B891i
100 ## - ASIENTO PRINCIPAL--NOMBRE PERSONAL
Nombre personal Bruegge, Bernard
245 ## - TÍTULO
Título Ingeniería de software orientado a objetos / Bernard Bruegge, Allen H. Dutoit
260 ## - PUBLICACIÓN, DISTRIBUCIÓN, ETC. (PIE DE IMPRENTA)
Lugar de publicación, distribución, etc. México : Pearson Educación
300 ## - DESCRIPCIÓN FÍSICA
Extensión 576 p. / 23 cm.
650 ## - ASIENTO SECUNDARIO DE MATERIA - TERMINO TEMÁTICO
Término temático o nombre geográfico como elemento de entrada 1.INGENIERIA DE SOFTWARE \ 2.PROGRAMACION ORIENTADA A OBJETOS (CIENCIA DE LAS COMPUTADORAS)
700 ## - ASIENTO SECUNDARIO - NOMBRE PERSONAL
Nombre personal Dutoit, Allen H.
Existencias
No. biblioteca No. biblioteca Número de clasificación Código de barras/Número de adquisición Número de copia Tipo de material
LUIS G. INCLAN LUIS G. INCLAN 005.117 B891i 42730 1 Libros
LUIS G. INCLAN LUIS G. INCLAN 005.117 B891i 42731 2 Libros
LUIS G. INCLAN LUIS G. INCLAN 005.117 B891i 45900 3 Libros
LUIS G. INCLAN LUIS G. INCLAN 005.117 B891i 46475 4 Libros
LUIS G. INCLAN LUIS G. INCLAN 005.117 B891i 46476 5 Libros
LUIS G. INCLAN LUIS G. INCLAN 005.117 B891i 46477 6 Libros
LUIS G. INCLAN LUIS G. INCLAN 005.117 B891i 46478 7 Libros
LUIS G. INCLAN LUIS G. INCLAN 005.117 B891i 46953 8 Libros
Calzada Tecnológico # 27, Zacatepec, Morelos.
01(734) 343-07-23 / 343-21-10 / 343-21-11
Apdo. Postal 45 C.P 62780